| 000 | 01190nam a2200325 a 4500 | ||
|---|---|---|---|
| 001 | 000111819 | ||
| 003 | CHAP | ||
| 005 | 20220329144230.0 | ||
| 008 | 150921s2015 mx sm |||||||spa d | ||
| 010 | _a108280 | ||
| 011 | _a109252 | ||
| 040 | _cCHAP | ||
| 090 | _aTesis | ||
| 100 | 1 |
_aLarios Saldivar, Dolores _9129780 |
|
| 245 | 1 | 0 |
_aAnálisis de los factores que determinan las variaciones en la producción de café en México _h[En línea] _cpor Dolores Larios Saldivar. |
| 260 |
_aChapingo, Méx. : _bEl autor, _c2015. |
||
| 500 | _aPara ver el contenido del material haga clic en la liga | ||
| 502 | _aTesis (M.C. en Economía Agricola y de los Recursos Naturales) -- UACH. División de Ciencias Económico Administrativas | ||
| 590 |
_aE11695DGD _b10 _c20150923 _lUCH01 _h0913 |
||
| 590 |
_aE5765TAJ _b05 _c20150921 _lUCH01 _h1204 |
||
| 590 |
_aE5765TAJ _b05 _c20150921 _lUCH01 _h1205 |
||
| 650 | 1 | 4 |
_aCafé _xConsumo. _917118 |
| 650 | 1 | 4 |
_aCafé _xMercadeo. _917169 |
| 650 | 1 | 4 |
_aCafé _xProducción. _9129779 |
| 650 | 1 | 4 |
_aCafeticultores. _917080 |
| 856 |
_aFinding aid _uhttp://10.13.5.2/tesis/sist111819.pdf _zTeclea aquí |
||
| 901 | _aBK | ||
| 942 | _cTESIS | ||
| 942 | _n0 | ||
| 999 |
_c108280 _d108280 |
||